| 000 | 01001nam0a2200325 4500 | ||
|---|---|---|---|
| 001 | RU\NLR\bibl\1152915 | ||
| 005 | 20250615080647.0 | ||
| 010 | _a978-5-9900777-1-3 | ||
| 021 |
_aRU _b2007-64970 _93471 |
||
| 035 | _a(NLR Aleph) 001139702 | ||
| 090 |
_a1409856 _c1409856 |
||
| 100 | _a20071112d2007 |||y0rusy50 ca | ||
| 101 | 0 | _arus | |
| 102 | _aRU | ||
| 105 | _ay ||||||||| | ||
| 200 | 1 |
_aГаятри и Саи Гаятри Мантры _fЗагорулько Б.А. |
|
| 210 |
_aМосква _cАтма-Видья _d2007 |
||
| 215 |
_a47, [1] с. _d21 |
||
| 300 | _aНа обл. авт. не указан | ||
| 320 | _aБиблиогр.: с. 45 (33 назв.) | ||
| 606 | 1 |
_aМантры _92501761 _3RU\NLR\auth\661483743 |
|
| 686 | _aЭ33 | ||
| 700 | 1 |
_aЗагорулько _bБ. А. _4070 |
|
| 801 | 0 |
_aRU _bNLR _c20071112 _gRCR |
|
| 801 | 1 |
_aRU _bNLR _c20071112 |
|
| 830 | _aАвт. не раскрыть | ||
| 942 | _cBOOK | ||
| 980 | _aNB | ||